Sólový album Júliusa Kinčeka: Pavol Habera

Bibliographic Details
Main Authors: Graund, Andrej (Author), Habera, Pavol, 1962- (Author)
Format: Article
Language:Slovak
Subjects:

MARC

LEADER 00000nab a2200000 a 4500
001 vtls000427915
003 SK-MaSNL
005 20260303215234.0
008 120925c1991 xo 0 slo
015 |a SNBRB19rr/mm-uuuuu 
035 |a CL0428043 
040 |a SNKBUCL  |b slo  |c SNKBUCL  |e AACR2 
041 0 |a slo 
044 |a xo  |c SK 
080 |a 78.071.2:784.66  |2 1981 
080 |a 784.66  |2 1981 
100 1 |a Graund, Andrej  |4 aut  |9 893104 
245 1 0 |a Sólový album Júliusa Kinčeka: Pavol Habera  |c Andrej Graund 
300 |b Obr. 1. 
600 1 7 |a Habera, Pavol,  |d 1962-  |2 snkbucl  |9 98859 
630 0 7 |a Pavol Habera (platňa gramofónová)  |2 snkbucl  |9 1251236 
655 7 |a články z novín a časopisov  |2 snkbucl  |9 267496 
700 1 |a Habera, Pavol,  |d 1962-  |4 aut  |9 98859 
773 0 |t Smena  |g Roč. 44, č. 212 (10. 9. 1991), s. 5 
787 0 8 |i Rec.:  |a Habera, Pavol  |t Pavol Habera : TOMM Records, 1991 
850 |a Slovenská národná knižnica v Martine  |a MTA001 
852 |a SNK  |b KIS3GCP 
958 |a RK 
992 |a RBX 
999 |c 2220607  |d 2222537